00390nam a2200145Ia 4500008004100000020001500041041000800056082001700064100003200081245003800113250000600151260004500157300001200202650003000214210716s2009 xx 000 0 und d a0195689100 aeng a658.301 BHAD aBhattacharyya, Dipak Kumar. aHuman resource research methods. a1 aNew DelhibOxford University Pressc2009 aXIV,521 aHuman Resource Management